Využitie všeobecne uznávaných zásad pri formovaní bilančnej politiky účtovnej jednotky
Uplatňovanie všeobecne uznávaných účtovných zásad prostredníctvom bilančnej politiky v účtovnej jednotke. Charakteristika a obsah bilančnej politiky. Kreatívny prístup k riešeniu problematiky zaúčtovania účtovných prípadov. Nástroje bilančnej politiky. Etický aspekt aplikácie všeobecne uznávaných ú...
Saved in:
| Main Author: | |
|---|---|
| Format: | Book Chapter |
| Language: | Slovak |
| Subjects: | |
| Tags: |
No Tags, Be the first to tag this record!
|
MARC
| LEADER | 00000nla$a2200000$$$4500 | ||
|---|---|---|---|
| 001 | 0060473 | ||
| 005 | 20240502071652.7 | ||
| 041 | 0 | |a slo | |
| 044 | |a SK | ||
| 245 | 1 | 0 | |a Využitie všeobecne uznávaných zásad pri formovaní bilančnej politiky účtovnej jednotky |c Martina Hurtoňová |
| 520 | |a Uplatňovanie všeobecne uznávaných účtovných zásad prostredníctvom bilančnej politiky v účtovnej jednotke. Charakteristika a obsah bilančnej politiky. Kreatívny prístup k riešeniu problematiky zaúčtovania účtovných prípadov. Nástroje bilančnej politiky. Etický aspekt aplikácie všeobecne uznávaných účtovných zásad v účtovníctve podnikateľov. Pravdivý a verný obraz ako výsledok aplikácie všeobecne uznávaných účtovných zásad. | ||
| 610 | 2 | 0 | |a výkazníctvo finančné |
| 610 | 2 | 0 | |a účtovníctvo |
| 610 | 2 | 0 | |a jednotka účtovná |
| 610 | 2 | 0 | |a predpisy právne |
| 610 | 2 | 0 | |a štandardy účtovné medzinárodné |
| 610 | 2 | 0 | |a oceňovanie |
| 610 | 2 | 0 | |a rezervy |
| 610 | 2 | 0 | |a etika |
| 100 | 1 | |a Hurtoňová, Martina, 1977- | |